000 01708cam a2200409 a 4500
999 _c1319
_d1319
001 17138108
003 OSt
005 20221228121259.0
008 120127s2012 onca j 001 0 eng
010 _a 2012003075
016 _a20129006661
020 _a9780778775911 (pbk. : alk. paper)
035 _a(OCoLC)ocn719431133
040 _aDLC
_beng
_cDLC
_dBTCTA
_dBDX
_dBKX
_dNLC
_dYDXCP
_dMLY
_dCO2
_dDLC
042 _apcc
_alcac
043 _aa-cc---
082 0 0 _a394.26951 PEP
_223
100 1 _aPeppas, Lynn.
_eAuthor
245 1 0 _aCultural traditions in China /
_cLynn Peppas.
260 _aSt. Catherines, ON ;
_aNew York :
_bCrabtree,
_cc2012.
300 _a32 p. :
_bcol. ill. ;
_c29 cm.
490 1 _aCultural traditions in my world
500 _aIncludes index.
505 0 _aWelcome to China -- Chinese festivals and holidays -- Family occasions -- Chinese New Year -- Lantern Festival -- International Women's Day -- Arbor Day -- Qing Ming Festival -- May Day -- Children's Day -- Dragon Boat Festival -- Mid-Autumn Day -- Chong Yang Festival -- National Day.
520 _aIntroduces the festivals and holidays of China.
530 _aIssued also in electronic format.
650 0 _aHolidays
_zChina
_vJuvenile literature.
650 0 _aFestivals
_zChina
_vJuvenile literature.
650 1 _aHolidays
_zChina.
650 1 _aFestivals
_zChina.
651 0 _aChina
_xSocial life and customs
_vJuvenile literature.
651 1 _aChina
_xSocial life and customs.
830 0 _aCultural traditions in my world.
906 _a7
_bcbc
_corignew
_d1
_eecip
_f20
_gy-gencatlg
942 _2ddc
_cNFIC